| 000 | 00514nam a22001937a 4500 | ||
|---|---|---|---|
| 003 | OSt | ||
| 005 | 20180321193607.0 | ||
| 008 | 171128b xxu||||| |||| 00| 0 eng d | ||
| 020 | _a9789350250976 | ||
| 040 | _cDNLM | ||
| 050 | _aWY20.5 B29e 2011 | ||
| 100 |
_aBasavanthappa, B.T. _912264 |
||
| 245 | _aEssentials of Nursing Reserach | ||
| 260 | _aBengaluru; Jaypee, 2011 | ||
| 300 | _a388p; ill: 24cm | ||
| 504 | _aGlossary,appendix, & index included | ||
| 650 |
_aNursing Research _96266 |
||
| 942 |
_2z _cB_BANK |
||
| 999 |
_c5889 _d5889 |
||